| 000 | 00836nam a2200241Ia 4500 | ||
|---|---|---|---|
| 003 | GCL | ||
| 005 | 20240530104236.0 | ||
| 008 | 140319s9999 xx 000 0 ara d | ||
| 040 |
_aGCL / _cGCL |
||
| 082 | 0 | 4 |
_a301.01 _bك ن |
| 100 | 1 | _aكوهن, بيرس | |
| 245 | 1 | 0 |
_aالنظرية الاجتماعية الحديثة / _cتاليف : كوهن, بيرس ؛ ترجمة وتقديم : عادل مختار الهوارى |
| 260 |
_aالاسكندرية : _bدار المعرفة الجامعية ، _c1980 |
||
| 300 |
_a341 ص ؛ _c24 سم |
||
| 490 |
_a100 قصة _v0 |
||
| 650 | 0 | 4 | _aالاسرة |
| 650 | 0 | 4 | _aالعلاقات الاسرية |
| 650 | 0 | 4 | _aالاجتماع |
| 650 | 0 | 4 | _aالامومة |
| 650 | 0 | 4 | _aالاجتماع، علم |
| 700 | 1 |
_aعادل مختار الهوارى _eمترجم |
|
| 942 |
_2ddc _cBK |
||
| 999 |
_c45791 _d45791 |
||